| 000 | 00000nam##2200000za#4500 |
| 001 | 9.626516 |
| 003 | CaOODSP |
| 005 | 20210615104548 |
| 007 | ta |
| 008 | 150406|2004||||xxc||||| f|0| 0 fre|d |
| 040 | |aCaOODSP|bfre |
| 043 | |an-cn--- |
| 086 | 1 |aNH18-22/104-104F |
| 110 | 2 |aSociété canadienne d'hypothèques et de logement. |
| 245 | 10|aMesures pratiques visant la prévention des inondations de sous-sol résultant de refoulements d'égout |
| 260 | |bSociété canadienne d'hypothèques et de logement |c2004. |
| 300 | |a5p. ; |c28 cm. |
| 490 | 1 |aLe point en recherche. Série technique |v04-104 |
| 520 | 3 |aCes rapports techniques résument un large éventail d’études, de rapports et d’ouvrages divers relatifs au logement. Ils se penchent sur des questions aussi diversifiées que l’aménagement paysager à peu d’entretien dans le Nord; les possibilités d’action pour obtenir des environnements intérieurs sains; et divers aspects de la performance des installations, comme la performance de l’enveloppe de tours d’habitation, la performance de divers matériaux de construction, et l’évaluation de la performance d’installations de chauffage urbain. |
| 563 | |aDépliant |
| 590 | |a04-11|b2004-03-12 |
| 691 | 07|aInondation|2gcpds |
| 691 | 07|aLogement|2gcpds |
| 775 | 08|tPractical measures for the prevention of basement flooding due to municipal sewer surcharge |w(CaOODSP)9.616783 |
| 776 | 0#|tMesures pratiques visant la prévention des inondations de sous-sol résultant de refoulements d'égout |w(CaOODSP)9.607999 |
| 830 | #0|aLe point en recherche. Série technique ;|v04-104|w(CaOODSP)9.513179 |